Normal view
MARC view
- del Toro, Guillermo.
Entry Personal Name
001 - CONTROL NUMBER
- control field: 38945
003 - CONTROL NUMBER IDENTIFIER
- control field: OSt
005 - DATE AND TIME OF LATEST TRANSACTION
- control field: 20190724142224.0
008 - FIXED-LENGTH DATA ELEMENTS
- fixed length control field: 190724|| aca||aabn | a|a d
040 ## - CATALOGING SOURCE
- Original cataloging agency: OSt
- Transcribing agency: OSt
100 ## - HEADING--PERSONAL NAME
- Personal name: del Toro, Guillermo.
670 ## - SOURCE DATA FOUND
- Source citation: Work cat.: (OSt): del Toro, Guillermo., Alejandro Gonzalez IƱarritu:, c2016.
